Central Library OPAC University of Rajshahi

Psychological methods of healing : (Record no. 28842)

MARC details
000 -LEADER
fixed length control field 00984cam a22003131 4500
001 - CONTROL NUMBER
control field 28842
003 - CONTROL NUMBER IDENTIFIER
rucl marc code BD-RjUL
005 - DATE AND TIME OF LATEST TRANSACTION
control field 20211209051334.0
008 - FIXED-LENGTH DATA ELEMENTS--GENERAL INFORMATION
fixed length control field 140401s1938 enk b 001 0 eng d
035 ## - SYSTEM CONTROL NUMBER
System control number (BD-RjUL) 28926
System control number (OCoLC)3437722
040 ## - CATALOGING SOURCE
Original cataloging agency DLC
Transcribing agency MiMtpT
Modifying agency DNLM
-- DLC
-- BD-RjUL
Language of cataloging eng
041 ## - LANGUAGE CODE
Language code of text/sound track or separate title eng
060 00 - NATIONAL LIBRARY OF MEDICINE CALL NUMBER
Classification number WM 420
Item number B881p 1938
Classification number Film 7309 no. 6
082 ## - DEWEY DECIMAL CLASSIFICATION NUMBER
Edition number 20
Classification number 615.851
Author mark and year BRP 1938
100 1# - MAIN ENTRY--PERSONAL NAME
Personal name Brown, William,
Dates associated with a name 1881-1952.
9 (RLIN) 88202
245 10 - TITLE STATEMENT
Title Psychological methods of healing :
Remainder of title an introduction to psychotheraphy /
Statement of responsibility, etc. by William Brown.
260 ## - PUBLICATION, DISTRIBUTION, ETC. (IMPRINT)
Place of publication, distribution, etc. London :
Name of publisher, distributor, etc. University of London Press Ltd.,
Date of publication, distribution, etc. 1938.
300 ## - PHYSICAL DESCRIPTION
Pagination vii, 224 p. ;
Size 22 cm.
500 ## - GENERAL NOTE
General note "First printed October 1938."
504 ## - BIBLIOGRAPHY, ETC. NOTE
Bibliography, etc Bibliography: p. 211-217. and Index
650 #0 - SUBJECT ADDED ENTRY--TOPICAL TERM
Topical term or geographic name as entry element Therapeutics, Suggestive.
9 (RLIN) 40695
Topical term or geographic name as entry element Mental healing.
9 (RLIN) 85849
Topical term or geographic name as entry element Psychoanalysis.
9 (RLIN) 88203
942 ## - ADDED ENTRY ELEMENTS (KOHA)
Source of classification or shelving scheme Dewey Decimal Classification
Koha item type Books
Holdings
Lost status Source of classification or shelving scheme Damaged status Not for loan Collection code Permanent Location Current Location Shelving location Date acquired Source of acquisition Cost, normal purchase price Total Checkouts Full call number Date last seen Copy number Koha item type
  Dewey Decimal Classification   Added to bundle Non-fiction Central Library, University of Rajshahi Central Library, University of Rajshahi Reading Room 26/05/1996 Oxford University Press 3.70   615.851 BRP 1938 01/04/2014 C-1 Books